00494nam a2200157Ia 4500008004000000082001500040100000600055245005100061250000500112260004500117300001200162690001200174906001100186999001700197952012200214210210b1982 xxu||||| |||| 00| 0 eng d a294.4 STUD a- aStudies in South Indian jainism. Part-I. Ed 2. a aDelhi.bSri Satguru Publications.,c1982 aiii,183 aJainism a036823 c87084d87084 001040708ReligionaALbALcReligiond2021-02-17g75.00l0o294.4 STUDp036823r2021-02-17 00:00:00w2021-02-17yBK